UM Logo

Business policy in an Asian context : (Record no. 12427)

MARC details
000 -LEADER
fixed length control field 00619nam a22001817a 4500
008 - FIXED-LENGTH DATA ELEMENTS--GENERAL INFORMATION
fixed length control field 190125b ||||| |||| 00| 0 eng d
020 ## - INTERNATIONAL STANDARD BOOK NUMBER
International Standard Book Number 9715540686
082 ## - DEWEY DECIMAL CLASSIFICATION NUMBER
Edition number 1989
Classification number DFil 658.5
Item number So688
100 ## - MAIN ENTRY--PERSONAL NAME
Personal name Soriano, Emanuel V.
9 (RLIN) 35061
245 ## - TITLE STATEMENT
Title Business policy in an Asian context :
Remainder of title text and cases /
Statement of responsibility, etc. Emanuel V. Soriano and Lee C. Nehrt.
250 ## - EDITION STATEMENT
Edition statement 3rd Edition.
260 ## - PUBLICATION, DISTRIBUTION, ETC. (IMPRINT)
Place of publication, distribution, etc. Manila :
Name of publisher, distributor, etc. Sinag-Tala Publishers Inc.,
Date of publication, distribution, etc. ©1989.
300 ## - PHYSICAL DESCRIPTION
Extent v, 592 pages ;
Dimensions 22 cm.
505 ## - FORMATTED CONTENTS NOTE
Formatted contents note Text--Cases--A management game.
650 ## - SUBJECT ADDED ENTRY--TOPICAL TERM
Topical term or geographic name as entry element Business policy.
9 (RLIN) 35062
700 ## - ADDED ENTRY--PERSONAL NAME
Personal name Nerht, Lee C.
9 (RLIN) 35063
Relator term author.
942 ## - ADDED ENTRY ELEMENTS (KOHA)
Source of classification or shelving scheme Dewey Decimal Classification
Koha item type Filipiniana
Holdings
Withdrawn status Lost status Source of classification or shelving scheme Damaged status Not for loan Collection code Home library Current library Date acquired Source of acquisition Total Checkouts Full call number Barcode Date last seen Copy number Price effective from Koha item type
    Dewey Decimal Classification     Filipiniana UM Digos College - LIC UM Digos College - LIC 01/25/2019 purchased   DFil 658.5 So688 1989 14436 05/15/2025 10 01/25/2019 Filipiniana
    Dewey Decimal Classification     Filipiniana UM Digos College - LIC UM Digos College - LIC 01/25/2019 purchased   DFil 658.5 So688 1989 14437 05/15/2025 11 01/25/2019 Filipiniana
    Dewey Decimal Classification     Filipiniana UM Digos College - LIC UM Digos College - LIC 01/25/2019 Purchased   DFil 658.5 So688 1989 14431 05/15/2025 5 01/25/2019 Filipiniana
    Dewey Decimal Classification     Filipiniana UM Digos College - LIC UM Digos College - LIC 01/25/2019 purchased   DFil 658.5 So688 1989 14429 05/15/2025 3 01/25/2019 Filipiniana
    Dewey Decimal Classification     Filipiniana UM Digos College - LIC UM Digos College - LIC 01/25/2019 Purchased   DFil 658.5 So688 1989 14433 05/15/2025 7 01/25/2019 Filipiniana
    Dewey Decimal Classification     Filipiniana UM Digos College - LIC UM Digos College - LIC 01/25/2019 purchased   DFil 658.5 So688 1989 14435 05/15/2025 9 01/25/2019 Filipiniana